Zachovanie a rast majetkovej podstaty v európskych akciových spoločnostiach v Slovenskej republike

Trvalo udržateľný rozvoj a jeho tri základné piliere. Trvalo udržateľný rozvoj európskych akciových spoločností (Societas Europaea - SE) na Slovensku. Nadnárodná a národná právna úprava európskej akciovej spoločnosti. Ukazovateľ majetkovej podstaty. Vývoj počtu európskych akciových spoločností v Slo...

Descrizione completa

Salvato in:
Dettagli Bibliografici
Autore principale: Oriskóová, Denisa
Natura: Capitolo di libro
Lingua:slovacco
Soggetti:
Tags: Aggiungi Tag
Nessun Tag, puoi essere il primo ad aggiungerne!!

MARC

LEADER 00000nla a2200000 4500
001 0240845
005 20240502073924.1
041 0 |a slo 
044 |a SK 
245 1 0 |a Zachovanie a rast majetkovej podstaty v európskych akciových spoločnostiach v Slovenskej republike  |c Denisa Oriskóová 
520 |a Trvalo udržateľný rozvoj a jeho tri základné piliere. Trvalo udržateľný rozvoj európskych akciových spoločností (Societas Europaea - SE) na Slovensku. Nadnárodná a národná právna úprava európskej akciovej spoločnosti. Ukazovateľ majetkovej podstaty. Vývoj počtu európskych akciových spoločností v Slovenskej republike (2005-2017). Zmeny majetkovej podstaty v európskych akciových spoločnostiach. 
610 2 0 |a spoločnosti akciové 
610 2 0 |a spoločnosti obchodné 
610 2 0 |a rozvoj trvalo udržateľný 
610 2 0 |a majetok 
610 2 0 |a legislatíva 
610 2 0 |a Slovensko 
100 1 |a Oriskóová, Denisa